| 000 | 00723cam a22002417a 4500 | ||
|---|---|---|---|
| 001 | 16899747 | ||
| 003 | OSt | ||
| 005 | 20150909105051.0 | ||
| 008 | 110802s2013 nyua 001 0 eng | ||
| 010 | _a 2011032563 | ||
| 020 | _a9780073384535 (hard copy : alk. paper) | ||
| 020 | _a0073384534 (hard copy : alk. paper) | ||
| 040 | _aSEKU | ||
| 050 | 0 | 0 |
_aQA 152.3 _b.H4 2013 |
| 100 | 1 | _aHendricks, Andrea. | |
| 245 | 1 | 0 |
_aBeginning & intermediate algebra _cAndrea Hendricks, Oiyin Pauline Chow. |
| 246 | 3 | _aBeginning and intermediate algebra | |
| 260 |
_aNew York : _bMcGraw-Hill, _cc2013. |
||
| 300 |
_a 993 p. : _bill. (chiefly col.) ; |
||
| 650 | 0 | _aAlgebra. | |
| 700 | 1 | _aChow, Oiyin Pauline. | |
| 942 |
_2lcc _cGEN |
||
| 999 |
_c8635 _d8635 |
||